Statistiques concernant Films avec Jean Reno par image

Cliquez ici pour prendre le quiz!

Statistiques générales

  • Ce quiz a été pris 202 fois
  • Le résultat moyen est 7 sur 16

Statistiques - réponses

Réponse% Correct
Les Visiteurs
99%
Léon
92%
Le Grand Bleu
78%
Mission : Impossible
51%
L'Enquête corse
49%
Nikita
49%
Da Vinci Code
46%
Wasabi
46%
Tais-toi !
40%
Les Rivières pourpres
36%
Porco Rosso
34%
L'Opération Corned beef
33%
Subway
22%
L'Immortel
16%
La Panthère rose
11%
Godzilla
9%

Distribution des résultats

Percentile par nombre de réponses

% des personnes avec chaque résultat

Votre développement - résultats

Vous n’avez pas pris ce quiz